Statistics for 2023 MLB Draft First Round Selections

Click here to take the quiz!

General Stats

  • This quiz has been taken 62 times
  • The average score is 11 of 28

Answer Stats

HintPlayer% Correct
1. PIT - RHP [LSU]Paul Skenes
92%
2. WAS - OF [LSU]Dylan Crews
88%
3. DET - OF [HS]Max Clark
88%
4. TEX - OF [UF]Wyatt Langford
75%
7. CIN - RHP [WAKE]Rhett Lowder
54%
9. COL - RHP [TEN]Chase Dollander
51%
6. OAK - SS [GCU]Jacob Wilson
51%
5. MIN - OF [HS]Walker Jenkins
49%
17. BAL - OF [VAND]Enrique Bradfield Jr.
47%
14. BOS - C [UVA]Kyle Teel
47%
11. LAA - 1B [FAU]Nolan Schanuel
39%
10. MIA - RHP [HS]Noble Meyer
37%
8. KCR - C [HS]Blake Mitchell
36%
18. MIL - 3B [WAKE]Brock Wilken
31%
15. CHW - SS [MISS]Jacob Gonzalez
31%
12. ARI - SS [STAN]Tommy Troy
31%
27. PHI - 3B [HS]Aiden Miller
27%
16. SFG - 2WP [HS]Bryce Eldridge
24%
21. STL - OF [ARZ]Chase Davis
24%
24. ATL - RHP [UF]Hurston Waldrep
24%
20. TOR - SS [HS]Arjun Nimmala
22%
13. CHC - 2B [MAR]Matt Shaw
22%
19. TBR - 3B [TCU]Brayden Taylor
20%
22. SEA - SS [HS]Colt Emerson
17%
25. SDP - OF [HS]Dillon Head
17%
26. NYY - SS [HS]George Lombard Jr.
17%
23. CLE - C [HS]Ralphy Velazquez
15%
28. HOU - SS [NEB]Brice Matthews
14%

Score Distribution

Percentile by Number Answered

Percent of People with Each Score

Your Score History

You have not taken this quiz